<?xml version="1.0" encoding="UTF-8"?>
<record
    xmlns:xsi="http://www.w3.org/2001/XMLSchema-instance"
    xsi:schemaLocation="http://www.loc.gov/MARC21/slim http://www.loc.gov/standards/marcxml/schema/MARC21slim.xsd"
    xmlns="http://www.loc.gov/MARC21/slim">

  <leader>01413nam a2200241Ia 4500</leader>
  <controlfield tag="003">OSt</controlfield>
  <controlfield tag="005">20251107122814.0</controlfield>
  <controlfield tag="008">210210b2014   xxu||||| |||| 00| 0 eng d</controlfield>
  <datafield tag="040" ind1=" " ind2=" ">
    <subfield code="c">AL</subfield>
  </datafield>
  <datafield tag="041" ind1=" " ind2=" ">
    <subfield code="a">Kannada</subfield>
  </datafield>
  <datafield tag="082" ind1=" " ind2=" ">
    <subfield code="a">K894.301 JOGN</subfield>
  </datafield>
  <datafield tag="100" ind1=" " ind2=" ">
    <subfield code="a">JOGI</subfield>
    <subfield code="d">&#xC9C;&#xCCB;&#xC97;&#xCBF; </subfield>
    <subfield code="9">244674</subfield>
  </datafield>
  <datafield tag="245" ind1=" " ind2=" ">
    <subfield code="a">Nale ba: kathegalu</subfield>
    <subfield code="b">&#xCA8;&#xCBE;&#xCB3;&#xCC6; &#xCAC;&#xCBE; </subfield>
  </datafield>
  <datafield tag="260" ind1=" " ind2=" ">
    <subfield code="a">Bengaluru</subfield>
    <subfield code="b">Ankita Pustaka</subfield>
    <subfield code="c">2014</subfield>
  </datafield>
  <datafield tag="300" ind1=" " ind2=" ">
    <subfield code="a">117</subfield>
  </datafield>
  <datafield tag="520" ind1=" " ind2=" ">
    <subfield code="a">&#xCB2;&#xCC7;&#xC96;&#xC95; &#xC9C;&#xCCB;&#xC97;&#xCBF; (&#xC97;&#xCBF;&#xCB0;&#xCC0;&#xCB6;&#xCCD; &#xCB0;&#xCBE;&#xCB5;&#xCCD; &#xCB9;&#xCA4;&#xCCD;&#xCB5;&#xCBE;&#xCB0;&#xCCD;) &#xC85;&#xCB5;&#xCB0; &#xC95;&#xCA5;&#xCBE; &#xCB8;&#xC82;&#xC95;&#xCB2;&#xCA8;-&#xCA8;&#xCBE;&#xCB3;&#xCC6; &#xCAC;&#xCBE;. &#xCA6;&#xCC6;&#xCB5;&#xCCD;&#xCB5;&#xC97;&#xCB3;&#xCBF;&#xCB0;&#xCC1;&#xCB5; &#xC95;&#xCBE;&#xCB2;&#xCCD;&#xCAA;&#xCA8;&#xCBF;&#xC95; &#xC95;&#xCA5;&#xCC6;&#xC97;&#xCB3;&#xCA8;&#xCCD;&#xCA8;&#xCC1; &#xC87;&#xCB2;&#xCCD;&#xCB2;&#xCBF; &#xCB8;&#xC82;&#xC95;&#xCB2;&#xCBF;&#xCB8;&#xCB2;&#xCBE;&#xC97;&#xCBF;&#xCA6;&#xCC6;. &#xCAE;&#xCA8;&#xCCB;&#xCB5;&#xCC8;&#xC9C;&#xCCD;&#xC9E;&#xCBE;&#xCA8;&#xCBF;&#xC95; &#xCA6;&#xCC3;&#xCB7;&#xCCD;&#xC9F;&#xCBF;&#xCAF;&#xCBF;&#xC82;&#xCA6;&#xCB2;&#xCC2; &#xC87;&#xCB2;&#xCCD;&#xCB2;&#xCBF;&#xCAF; &#xC95;&#xCA5;&#xCC6;&#xC97;&#xCB3;&#xCC1; &#xC85;&#xCA7;&#xCCD;&#xCAF;&#xCAF;&#xCA8; &#xCAF;&#xCCB;&#xC97;&#xCCD;&#xCAF;&#xCB5;&#xCBE;&#xC97;&#xCBF;&#xCB5;&#xCC6;. &#xC95;&#xCA5;&#xCBE; &#xCB5;&#xCB8;&#xCCD;&#xCA4;&#xCC1;, &#xCA8;&#xCBF;&#xCB0;&#xCC2;&#xCAA;&#xCA3;&#xCBE; &#xCB6;&#xCC8;&#xCB2;&#xCBF;, &#xCB8;&#xCA8;&#xCCD;&#xCA8;&#xCBF;&#xCB5;&#xCC7;&#xCB6;&#xC97;&#xCB3; &#xC9C;&#xCCB;&#xCA1;&#xCA3;&#xCC6;, &#xCAA;&#xCBE;&#xCA4;&#xCCD;&#xCB0;&#xC97;&#xCB3; &#xCB8;&#xCC3;&#xCB7;&#xCCD;&#xC9F;&#xCBF;, &#xCAA;&#xCB0;&#xCBF;&#xCA3;&#xCBE;&#xCAE;&#xC95;&#xCBE;&#xCB0;&#xCBF; &#xCB8;&#xC82;&#xCAD;&#xCBE;&#xCB7;&#xCA3;&#xCC6; &#xC87;&#xCA4;&#xCCD;&#xCAF;&#xCBE;&#xCA6;&#xCBF; &#xCB8;&#xCBE;&#xCB9;&#xCBF;&#xCA4;&#xCCD;&#xCAF;&#xC95; &#xC85;&#xC82;&#xCB6;&#xC97;&#xCB3;&#xCBF;&#xC82;&#xCA6; &#xC87;&#xCB2;&#xCCD;&#xCB2;&#xCBF;&#xCAF; &#xC95;&#xCA5;&#xCC6;&#xC97;&#xCB3;&#xCC1; &#xC93;&#xCA6;&#xCC1;&#xC97;&#xCB0; &#xC97;&#xCAE;&#xCA8; &#xCB8;&#xCC6;&#xCB3;&#xCC6;&#xCAF;&#xCC1;&#xCA4;&#xCCD;&#xCA4;&#xCB5;&#xCC6;.</subfield>
  </datafield>
  <datafield tag="650" ind1=" " ind2=" ">
    <subfield code="a">Nale</subfield>
    <subfield code="9">244675</subfield>
  </datafield>
  <datafield tag="650" ind1=" " ind2=" ">
    <subfield code="a">kathegalu</subfield>
    <subfield code="9">244676</subfield>
  </datafield>
  <datafield tag="650" ind1=" " ind2=" ">
    <subfield code="a">ba:</subfield>
    <subfield code="9">244677</subfield>
  </datafield>
  <datafield tag="690" ind1=" " ind2=" ">
    <subfield code="a">Kannada Fiction</subfield>
    <subfield code="9">244678</subfield>
  </datafield>
  <datafield tag="906" ind1=" " ind2=" ">
    <subfield code="a">069391</subfield>
  </datafield>
  <datafield tag="942" ind1=" " ind2=" ">
    <subfield code="2">ddc</subfield>
    <subfield code="c">BK</subfield>
  </datafield>
  <datafield tag="999" ind1=" " ind2=" ">
    <subfield code="c">119121</subfield>
    <subfield code="d">119121</subfield>
  </datafield>
  <datafield tag="952" ind1=" " ind2=" ">
    <subfield code="0">0</subfield>
    <subfield code="1">0</subfield>
    <subfield code="2">ddc</subfield>
    <subfield code="4">0</subfield>
    <subfield code="7">0</subfield>
    <subfield code="8">KAN</subfield>
    <subfield code="a">AL</subfield>
    <subfield code="b">AL</subfield>
    <subfield code="c">Kannada Literature</subfield>
    <subfield code="d">2021-02-17</subfield>
    <subfield code="e">Navakarnataka Publication Pvt Ltd., Mangalore</subfield>
    <subfield code="g">95.00</subfield>
    <subfield code="l">2</subfield>
    <subfield code="o">K894.301 JOGN</subfield>
    <subfield code="p">069391</subfield>
    <subfield code="q">2026-03-31</subfield>
    <subfield code="r">2026-01-07 12:30:25</subfield>
    <subfield code="s">2026-01-07</subfield>
    <subfield code="w">2021-02-17</subfield>
    <subfield code="y">BK</subfield>
  </datafield>
</record>
